[Event "Ricany op-A"]
[Site "Ricany"]
[Date "2014.08.27"]
[Round "6"]
[White "Kaiser, Rudolf"]
[Black "Vorisek, Jakub"]
[Result "1-0"]
[WhiteElo "1925"]
[BlackElo "1616"]
[PlyCount "41"]
[EventDate "2014.08.23"]
[EventType "swiss"]
[EventRounds "9"]
[EventCountry "CZE"]
[SourceTitle "EXT 2015"]
[Source "ChessBase"]
[SourceDate "2014.11.20"]
[SourceVersion "1"]
[SourceVersionDate "2014.11.20"]
[SourceQuality "1"]

1. f4 e5 2. e4 Bc5 3. Nf3 d6 4. c3 Bb6 5. d4 exd4 6. cxd4 Bg4 7. Be2 Nc6 8. Be3 Nf6 9. Nc3 0-0 10. h3 Bd7 11. Qd2 Re8 12. e5 dxe5 13. fxe5 Nh5 14. Bf2 g6 15. g4 Ng7 16. Bh4 Qc8 17. 0-0 Ba5 18. Bf6 Bb4 19. Qh6 Bf8 20. Ng5 Nh5 21. Qxh7# 1-0

[Event "Ricany op-A"]
[Site "Ricany"]
[Date "2014.08.24"]
[Round "2"]
[White "Kaiser, Rudolf"]
[Black "Cabart, Pavel"]
[Result "1-0"]
[WhiteElo "1925"]
[BlackElo "1713"]
[PlyCount "77"]
[EventDate "2014.08.23"]
[EventType "swiss"]
[EventRounds "9"]
[EventCountry "CZE"]
[SourceTitle "EXT 2015"]
[Source "ChessBase"]
[SourceDate "2014.11.20"]
[SourceVersion "1"]
[SourceVersionDate "2014.11.20"]
[SourceQuality "1"]

1. e4 c5 2. d4 cxd4 3. c3 dxc3 4. Nxc3 Nc6 5. Nf3 d6 6. Bc4 a6 7. 0-0 Nf6 8. Qb3 e6 9. Qc2 Be7 10. Rd1 Qc7 11. Bf4 Ne5 12. Bxe5 dxe5 13. Nb5 Qb8 14. Nc7+ Kf8 15. Nxa8 Qxa8 16. Nxe5 b5 17. Bd3 Bb7 18. Rac1 g6 19. f3 Kg7 20. Qc7 Re8 21. a3 Ng8 22. Ng4 h5 23. Ne5 Rc8 24. Qb6 Bd8 25. Qe3 Bf6 26. f4 Bxe5 27. fxe5 Ne7 28. Qg5 Rxc1 29. Qf6+ Kg8 30. Rxc1 Qa7+ 31. Kh1 Nc6 32. Rf1 Ba8 33. a4 bxa4 34. Bxa6 Nxe5 35. Be2 Qe3 36. Qxe5 Qxe2 37. Qf6 Qxe4 38. Qxf7+ Kh8 39. Qf8+ 1-0

[Event "Ricany op-A"]
[Site "Ricany"]
[Date "2014.08.24"]
[Round "3"]
[White "Simecek, Bohumil"]
[Black "Kaiser, Rudolf"]
[Result "1-0"]
[WhiteElo "2058"]
[BlackElo "1925"]
[PlyCount "113"]
[EventDate "2014.08.23"]
[EventType "swiss"]
[EventRounds "9"]
[EventCountry "CZE"]
[SourceTitle "EXT 2015"]
[Source "ChessBase"]
[SourceDate "2014.11.20"]
[SourceVersion "1"]
[SourceVersionDate "2014.11.20"]
[SourceQuality "1"]

1. d4 e5 2. dxe5 Nc6 3. Nf3 Qe7 4. Qd5 f6 5. exf6 Nxf6 6. Qb3 b6 7. e3 Bb7 8. Be2 Ne5 9. Nbd2 d5 10. 0-0 Nc6 11. c3 Qd7 12. Qc2 Bd6 13. b3 0-0 14. Bb2 Rae8 15. Rad1 Ne5 16. Nxe5 Bxe5 17. Nf3 Bd6 18. h3 c5 19. c4 Qe7 20. cxd5 Kh8 21. Bb5 Rc8 22. e4 Qxe4 23. Qxe4 Nxe4 24. Rfe1 Nf6 25. Re6 Rcd8 26. Bxf6 gxf6 27. Kf1 Bc8 28. Ree1 Bb7 29. Bc6 Ba6+ 30. Kg1 c4 31. Nd4 Rg8 32. bxc4 Bxc4 33. Re6 Be5 34. Nf3 Bxa2 35. Nxe5 fxe5 36. Rxe5 Rd6 37. Ra1 Bc4 38. Rxa7 Rdg6 39. g3 Rf6 40. Ree7 Bd3 41. Rf7 Rd6 42. Rad7 Rxd7 43. Rxd7 Bf5 44. Rb7 Ra8 45. Rxh7+ Kxh7 46. Bxa8 b5 47. Bc6 b4 48. Ba4 Kg7 49. g4 Be4 50. Bb3 Kf6 51. f4 Ke7 52. Kf2 Kd6 53. Ke3 Bxd5 54. Bxd5 Kxd5 55. Kd3 b3 56. Kc3 Ke4 57. f5 1-0

[Event "Ricany op-A"]
[Site "Ricany"]
[Date "2011.08.26"]
[Round "8"]
[White "Eisner, Oldrich"]
[Black "Kaiser, Rudolf"]
[Result "1/2-1/2"]
[WhiteElo "1822"]
[BlackElo "1949"]
[PlyCount "47"]
[EventDate "2011.08.20"]
[EventType "swiss"]
[EventRounds "9"]
[EventCountry "CZE"]
[SourceTitle "CBM 144 Extra"]
[Source "ChessBase"]
[SourceDate "2011.10.28"]
[SourceVersion "1"]
[SourceVersionDate "2011.10.28"]
[SourceQuality "1"]

1. d4 e6 2. c4 f5 3. g3 Nf6 4. Bg2 Be7 5. Nh3 0-0 6. Nc3 d6 7. 0-0 Qe8 8. e4 fxe4 9. Nf4 e5 10. dxe5 dxe5 11. Nfd5 Bd8 12. Nxf6+ Bxf6 13. Nxe4 Nc6 14. Be3 Be6 15. Nxf6+ Rxf6 16. Qa4 Bd7 17. Qb3 Rb8 18. Rad1 b6 19. Qc3 Bg4 20. Rd2 e4 21. h3 Bf3 22. Bxf3 exf3 23. Rfd1 Qe6 24. Kh2 1/2-1/2

[Event "Prague Golden op"]
[Site "Prague"]
[Date "2010.07.??"]
[Round "6"]
[White "Plicka, Petr"]
[Black "Kaiser, Rudolf"]
[Result "1-0"]
[WhiteElo "1865"]
[BlackElo "1940"]
[PlyCount "75"]
[EventDate "2010.07.??"]
[EventType "swiss"]
[EventRounds "9"]
[EventCountry "CZE"]
[SourceTitle "EXT 2012"]
[Source "ChessBase"]
[SourceDate "2011.11.24"]
[SourceVersion "1"]
[SourceVersionDate "2011.11.24"]
[SourceQuality "1"]

1. d4 e6 2. c4 f5 3. Nf3 Nf6 4. g3 Be7 5. Bg2 0-0 6. Nc3 d6 7. b3 a5 8. 0-0 Qe8 9. Qc2 Nc6 10. a3 e5 11. d5 Nb8 12. Nd2 Na6 13. Bb2 Qh5 14. f3 f4 15. Nde4 fxg3 16. Nxg3 Qh4 17. Nf5 Bxf5 18. Qxf5 Nc5 19. Qc2 Nh5 20. Bc1 a4 21. Nxa4 Nxa4 22. bxa4 Qd4+ 23. e3 Qh4 24. Rb1 b6 25. Bd2 Nf6 26. a5 bxa5 27. Rb5 a4 28. Rb4 Rfb8 29. Rfb1 Rxb4 30. Rxb4 Qh5 31. Rxa4 Qe8 32. Rxa8 Qxa8 33. a4 Nd7 34. Bf1 Nc5 35. a5 c6 36. Bb4 cxd5 37. cxd5 Qxd5 38. Bc4 1-0

[Event "Ricany op"]
[Site "Ricany"]
[Date "2009.08.24"]
[Round "4"]
[White "Kaiser, Rudolf"]
[Black "Skacel, Jan"]
[Result "1/2-1/2"]
[WhiteElo "1961"]
[BlackElo "2070"]
[PlyCount "27"]
[EventDate "2009.08.22"]
[EventType "swiss"]
[EventRounds "9"]
[EventCountry "CZE"]
[SourceTitle "CBM 131 Extra"]
[Source "ChessBase"]
[SourceDate "2009.09.03"]
[SourceVersion "2"]
[SourceVersionDate "2009.09.16"]
[SourceQuality "1"]

1. e4 c5 2. Nf3 Nc6 3. d4 cxd4 4. c3 Nf6 5. e5 Nd5 6. Bc4 Nb6 7. Bb3 d5 8. exd6 Qxd6 9. 0-0 Bf5 10. cxd4 Bxb1 11. Rxb1 e6 12. Bg5 Be7 13. Bxe7 Qxe7 14. Re1 1/2-1/2

[Event "Ricany op-A"]
[Site "Ricany"]
[Date "2008.08.25"]
[Round "4"]
[White "Krasnay, Peter"]
[Black "Kaiser, Rudolf"]
[Result "0-1"]
[WhiteElo "2117"]
[BlackElo "1960"]
[PlyCount "104"]
[EventDate "2008.08.23"]
[EventType "swiss"]
[EventRounds "9"]
[EventCountry "CZE"]
[SourceTitle "CBM 126 Extra"]
[Source "ChessBase"]
[SourceDate "2008.11.05"]
[SourceVersion "1"]
[SourceVersionDate "2008.11.05"]
[SourceQuality "1"]

1. e4 c5 2. Nf3 Nc6 3. d4 cxd4 4. Nxd4 g6 5. Nc3 Bg7 6. Be3 Nf6 7. f3 0-0 8. Bc4 Qb6 9. Bb3 Ng4 10. fxg4 Bxd4 11. Nd5 Qa5+ 12. c3 Bxe3 13. Nxe3 Qg5 14. Qd2 d6 15. 0-0-0 Bxg4 16. h4 Qh5 17. Rdf1 Ne5 18. Nd5 Rae8 19. Kb1 Kg7 20. Nf4 Qh6 21. Qd4 a6 22. h5 g5 23. Nd5 Kg8 24. Ne3 Be6 25. Bd5 Nc6 26. Qd2 Qg7 27. h6 Qg6 28. Ka1 Ne5 29. Nf5 Bxd5 30. exd5 b5 31. Nd4 Nc4 32. Qf2 Qe4 33. Qg3 Qe5 34. Qd3 Qxd5 35. Rf5 Qxg2 36. Rb1 e5 37. Nf3 e4 38. Qd4 Re5 39. Nxe5 dxe5 40. Qd5 Qg4 41. Rf6 e3 42. Rbf1 e2 43. Rxf7 e1Q+ 44. Rxe1 Rxf7 45. Qd8+ Rf8 46. Qd5+ Kh8 47. Qb7 Rg8 48. Rf1 Qe2 49. Rb1 g4 50. Qxa6 Qf3 51. Qxb5 Qf4 52. b3 Na3 0-1

[Event "Ricany op-A"]
[Site "Ricany"]
[Date "2008.08.24"]
[Round "3"]
[White "Kaiser, Rudolf"]
[Black "Vevera, Radek"]
[Result "1/2-1/2"]
[WhiteElo "1960"]
[BlackElo "2090"]
[PlyCount "36"]
[EventDate "2008.08.23"]
[EventType "swiss"]
[EventRounds "9"]
[EventCountry "CZE"]
[SourceTitle "CBM 126 Extra"]
[Source "ChessBase"]
[SourceDate "2008.11.05"]
[SourceVersion "1"]
[SourceVersionDate "2008.11.05"]
[SourceQuality "1"]

1. e4 c5 2. d4 cxd4 3. c3 Nc6 4. cxd4 d5 5. Nc3 Nf6 6. e5 Ne4 7. Nf3 Bg4 8. Be2 e6 9. 0-0 Be7 10. h3 Bh5 11. Be3 0-0 12. Nd2 Bxe2 13. Qxe2 Nxd2 14. Qxd2 Rc8 15. f4 f5 16. Rac1 Na5 17. b3 Bb4 18. Qd3 a6 1/2-1/2

[Event "Ricany op-A"]
[Site "Ricany"]
[Date "2008.08.24"]
[Round "2"]
[White "Pokorny, Milan"]
[Black "Kaiser, Rudolf"]
[Result "1-0"]
[WhiteElo "2172"]
[BlackElo "1960"]
[PlyCount "79"]
[EventDate "2008.08.23"]
[EventType "swiss"]
[EventRounds "9"]
[EventCountry "CZE"]
[SourceTitle "CBM 126 Extra"]
[Source "ChessBase"]
[SourceDate "2008.11.05"]
[SourceVersion "1"]
[SourceVersionDate "2008.11.05"]
[SourceQuality "1"]

1. e4 e5 2. Nf3 Nf6 3. Nxe5 d6 4. Nf3 Nxe4 5. d4 d5 6. Bd3 Nc6 7. 0-0 Be7 8. Re1 Bf5 9. c4 Nb4 10. Bf1 dxc4 11. Bxc4 0-0 12. Bb3 c6 13. Nc3 Nf6 14. Bg5 h6 15. Bh4 a5 16. Ne5 Nfd5 17. Nxd5 Nxd5 18. Bxe7 Nxe7 19. Qf3 Be6 20. Bxe6 fxe6 21. Qg4 Rf6 22. Rad1 Qd5 23. a3 Raf8 24. Rd2 Rf4 25. Qh3 R8f6 26. Qe3 Qd6 27. g3 Nd5 28. Qd3 R4f5 29. f4 h5 30. Ree2 h4 31. Nf3 hxg3 32. hxg3 Rh5 33. Rh2 Rfh6 34. Rxh5 Rxh5 35. Rh2 Rxh2 36. Kxh2 Nf6 37. Qe2 Ne8 38. Ng5 Nc7 39. Qh5 Qxd4 40. Qf7+ 1-0

[Event "Ricany op-A"]
[Site "Ricany"]
[Date "2007.08.29"]
[Round "6"]
[White "Zamrazil, Jan"]
[Black "Kaiser, Rudolf"]
[Result "0-1"]
[WhiteElo "1987"]
[BlackElo "1948"]
[PlyCount "62"]
[EventDate "2007.08.25"]
[EventType "swiss"]
[EventRounds "9"]
[EventCountry "CZE"]
[SourceTitle "EXT 2008"]
[Source "ChessBase"]
[SourceDate "2007.11.25"]
[SourceVersion "1"]
[SourceVersionDate "2007.11.25"]
[SourceQuality "1"]

1. d4 f5 2. c4 e6 3. Nf3 Nf6 4. Bg5 Bb4+ 5. Nc3 Bxc3+ 6. bxc3 d6 7. e3 0-0 8. Bd3 Nbd7 9. 0-0 h6 10. Bxf6 Nxf6 11. Rb1 b6 12. Re1 Ne4 13. Qc2 Bb7 14. Nd2 Nxd2 15. Qxd2 Qg5 16. f3 Bxf3 17. Qf2 Bb7 18. Rb2 f4 19. e4 f3 20. g3 e5 21. d5 Bc8 22. Bf1 Rf6 23. Re3 Bg4 24. Qe1 Raf8 25. Rf2 h5 26. Rd3 h4 27. gxh4 Qxh4 28. Qe3 Bh3 29. Bxh3 Qxh3 30. Qe1 Rg6+ 31. Kh1 Rg2 0-1

[Event "Ricany op-A"]
[Site "Ricany"]
[Date "2007.08.26"]
[Round "2"]
[White "Kaiser, Rudolf"]
[Black "Keller, Daniel"]
[Result "1/2-1/2"]
[WhiteElo "1948"]
[BlackElo "2139"]
[PlyCount "85"]
[EventDate "2007.08.25"]
[EventType "swiss"]
[EventRounds "9"]
[EventCountry "CZE"]
[SourceTitle "EXT 2008"]
[Source "ChessBase"]
[SourceDate "2007.11.25"]
[SourceVersion "1"]
[SourceVersionDate "2007.11.25"]
[SourceQuality "1"]

1. d4 e5 2. dxe5 Nc6 3. Nf3 Qe7 4. Nbd2 Nxe5 5. Nxe5 Qxe5 6. Nf3 Qa5+ 7. Qd2 Qxd2+ 8. Bxd2 Bc5 9. Bc3 Nf6 10. Bxf6 gxf6 11. g3 d5 12. Rd1 c6 13. Nd4 Bd7 14. h4 0-0-0 15. Bh3 Bxh3 16. Rxh3 Rhe8 17. e3 Re4 18. Ke2 Rde8 19. c3 Kc7 20. Rhh1 Bb6 21. Kf3 h5 22. Rd2 R8e5 23. Rhd1 a6 24. Ne2 Re8 25. Nf4 Rh8 26. Rd3 Ra4 27. a3 Re4 28. Ke2 Bc5 29. Kd2 b5 30. Kc2 Bd6 31. Ne2 Bc5 32. Nd4 Rhe8 33. Nb3 Bb6 34. Nd2 R4e5 35. Nb3 a5 36. Nc1 Bc5 37. R3d2 Re4 38. Nd3 Bd6 39. Nc1 b4 40. axb4 axb4 41. Rd4 bxc3 42. Rxe4 dxe4 43. bxc3 1/2-1/2

[Event "Prague KS op-A"]
[Site "Prague"]
[Date "2007.??.??"]
[Round "4"]
[White "Adamik, Frantisek"]
[Black "Kaiser, Rudolf"]
[Result "0-1"]
[WhiteElo "2004"]
[BlackElo "1948"]
[PlyCount "78"]
[EventDate "2007.??.??"]
[EventType "swiss"]
[EventRounds "9"]
[EventCountry "CZE"]
[SourceTitle "EXT 2008"]
[Source "ChessBase"]
[SourceDate "2007.11.25"]
[SourceVersion "1"]
[SourceVersionDate "2007.11.25"]
[SourceQuality "1"]

1. c4 f5 2. d4 e6 3. Nf3 Nf6 4. Nc3 Bb4 5. a3 Bxc3+ 6. bxc3 0-0 7. e3 d6 8. Be2 Qe7 9. 0-0 Ne4 10. Bb2 b6 11. Nd2 Bb7 12. f3 Nxd2 13. Qxd2 e5 14. Rae1 Nd7 15. Qc2 Qh4 16. g3 Qh6 17. Bc1 Qg6 18. Kf2 Qh5 19. h4 Rae8 20. f4 Qf7 21. a4 Nf6 22. Rg1 Ne4+ 23. Kf1 Qg6 24. g4 fxg4 25. Bd3 exd4 26. exd4 Qh6 27. Rxe4 Rxe4 28. Bxe4 Rxf4+ 29. Ke2 Bxe4 30. Bxf4 Qxf4 31. Qc1 Qf3+ 32. Ke1 Bd3 33. Qd2 g3 34. Qg2 Qe3+ 35. Kd1 Bxc4 36. Kc2 Qf2+ 37. Kb1 Bb3 38. Qa8+ Kf7 39. Rg2 Qf5+ 0-1

[Event "Prague KS op-A"]
[Site "Prague"]
[Date "2007.??.??"]
[Round "9"]
[White "Kaiser, Rudolf"]
[Black "Bednar, Marcel"]
[Result "1-0"]
[WhiteElo "1947"]
[BlackElo "1924"]
[PlyCount "97"]
[EventDate "2007.??.??"]
[EventType "swiss"]
[EventRounds "9"]
[EventCountry "CZE"]
[SourceTitle "EXT 2008"]
[Source "ChessBase"]
[SourceDate "2007.11.25"]
[SourceVersion "1"]
[SourceVersionDate "2007.11.25"]
[SourceQuality "1"]

1. f4 g6 2. Nf3 Nf6 3. d3 d6 4. e4 Bg7 5. Be2 Nc6 6. 0-0 0-0 7. Nc3 e5 8. Qe1 Nd4 9. Nxd4 exd4 10. Nd1 d5 11. e5 Ng4 12. h3 Nh6 13. g4 a5 14. f5 Re8 15. f6 Rxe5 16. fxg7 Nxg4 17. hxg4 Bxg4 18. Qf2 Rf5 19. Bf4 Bh3 20. Re1 g5 21. Qg3 gxf4 22. Qxh3 Qg5+ 23. Qg2 Qh4 24. Nf2 Rg5 25. Bg4 h5 26. Qf3 Rxg7 27. Qxf4 Kh8 28. Qh2 Qxh2+ 29. Kxh2 hxg4 30. Kg3 Rg6 31. Re7 Rc6 32. Rxf7 Kg8 33. Rd7 Rxc2 34. Re1 Rxb2 35. Ree7 Rb6 36. Rg7+ Kf8 37. Rdf7+ Ke8 38. Rxc7 Kf8 39. Rcf7+ Ke8 40. Nxg4 Rg6 41. Re7+ Kd8 42. Rd7+ Ke8 43. Rge7+ Kf8 44. Rxb7 Rc8 45. Rf7+ Kg8 46. Kh4 Rf8 47. Rfd7 Rc8 48. Kh5 Rgc6 49. Nh6+ 1-0

[Event "Prague KS op-A"]
[Site "Prague"]
[Date "2007.??.??"]
[Round "3"]
[White "Kaiser, Rudolf"]
[Black "Petrak, Robert"]
[Result "0-1"]
[WhiteElo "1948"]
[BlackElo "2074"]
[PlyCount "100"]
[EventDate "2007.??.??"]
[EventType "swiss"]
[EventRounds "9"]
[EventCountry "CZE"]
[SourceTitle "EXT 2008"]
[Source "ChessBase"]
[SourceDate "2007.11.25"]
[SourceVersion "1"]
[SourceVersionDate "2007.11.25"]
[SourceQuality "1"]

1. d4 d5 2. e4 dxe4 3. Nc3 Nf6 4. f3 exf3 5. Qxf3 c6 6. Be3 Nd5 7. Bc4 e6 8. Nxd5 cxd5 9. Bd3 Nc6 10. c3 Bd6 11. Ne2 Qf6 12. Qh5 g6 13. Qh6 Bf8 14. Qg5 Qxg5 15. Bxg5 Bg7 16. 0-0 Bd7 17. Bf6 Bxf6 18. Rxf6 0-0 19. Raf1 Rac8 20. h4 e5 21. dxe5 Nxe5 22. Nf4 Kg7 23. Rd6 Bc6 24. Be2 Rcd8 25. Rxd8 Rxd8 26. h5 Rd7 27. Rd1 g5 28. Nd3 f6 29. Nc5 Re7 30. Nb3 f5 31. Nd4 Rf7 32. Rf1 Bd7 33. Nf3 Kf6 34. Rd1 g4 35. Nh4 Be6 36. g3 Rc7 37. Ng2 a6 38. Nf4 Rd7 39. Kf2 Bf7 40. Rd4 Nc6 41. Rd2 d4 42. c4 Kg5 43. Bd3 Bxh5 44. Bxf5 Kxf5 45. Nxh5 Ne5 46. b3 Ng6 47. Kg2 Kg5 48. Nf4 Nxf4+ 49. gxf4+ Kxf4 50. Rf2+ Ke3 0-1

[Event "Prague KS op-A"]
[Site "Prague"]
[Date "2007.??.??"]
[Round "7"]
[White "Slechta, Karel"]
[Black "Kaiser, Rudolf"]
[Result "1-0"]
[WhiteElo "1934"]
[BlackElo "1947"]
[PlyCount "51"]
[EventDate "2007.??.??"]
[EventType "swiss"]
[EventRounds "9"]
[EventCountry "CZE"]
[SourceTitle "EXT 2008"]
[Source "ChessBase"]
[SourceDate "2007.11.25"]
[SourceVersion "1"]
[SourceVersionDate "2007.11.25"]
[SourceQuality "1"]

1. e4 c5 2. Nf3 Nc6 3. d4 cxd4 4. Nxd4 g6 5. Bc4 Bg7 6. Be3 Nf6 7. Nc3 Qa5 8. 0-0 d6 9. a3 0-0 10. Qd2 Nxe4 11. Nxc6 Nxd2 12. Nxa5 Nxc4 13. Nxc4 Bxc3 14. bxc3 Be6 15. Na5 b6 16. Nc6 Rfe8 17. Nd4 Bc4 18. Rfe1 Rac8 19. a4 Ba6 20. Nb5 Bxb5 21. axb5 Rxc3 22. Rxa7 Rxc2 23. Bxb6 e6 24. Bc7 d5 25. b6 d4 26. Ra4 1-0

[Event "Prague op-A"]
[Site "Prague"]
[Date "2006.07.05"]
[Round "5"]
[White "Kaiser, Rudolf"]
[Black "Polak, Petr"]
[Result "0-1"]
[WhiteElo "1960"]
[BlackElo "2131"]
[PlyCount "142"]
[EventDate "2006.07.01"]
[EventType "swiss"]
[EventRounds "9"]
[EventCountry "CZE"]
[SourceTitle "EXT 2007"]
[Source "ChessBase"]
[SourceDate "2006.11.23"]
[SourceVersion "1"]
[SourceVersionDate "2006.11.23"]
[SourceQuality "1"]

1. e4 c5 2. d4 cxd4 3. c3 dxc3 4. Nxc3 Nc6 5. Nf3 d6 6. Bc4 e6 7. 0-0 Nf6 8. Qe2 a6 9. Rd1 Qc7 10. Bf4 Ne5 11. Bxe5 dxe5 12. Rac1 Bd7 13. Bb5 Bc6 14. Bxc6+ bxc6 15. Qc4 Be7 16. Nxe5 0-0 17. Nf3 Rfb8 18. a3 Rxb2 19. Na4 Rb5 20. Nd4 Rh5 21. h3 Bxa3 22. Rc3 Bf8 23. Nxc6 Qf4 24. e5 Nd5 25. Rd4 Qh6 26. Rb3 Rf5 27. Nb6 Nxb6 28. Rxb6 Qg6 29. Rxa6 Rxa6 30. Qxa6 Rg5 31. Qf1 Qc2 32. Rc4 Qd2 33. Qc1 Qd5 34. Rg4 Rxg4 35. hxg4 h6 36. Qc3 Qd1+ 37. Kh2 Qxg4 38. Qd3 Qf4+ 39. Qg3 Qe4 40. Qc3 Qf4+ 41. Kg1 Qe4 42. f3 Qd5 43. Kh2 Bc5 44. Nb4 Bxb4 45. Qxb4 Qxe5+ 46. Kg1 h5 47. Qd2 g5 48. Kf2 Kg7 49. Kg1 h4 50. Kh1 Kh6 51. Qb4 Kg6 52. Qb1+ Kf6 53. Qh7 Qf5 54. Qh8+ Ke7 55. Qb8 Qf4 56. Qa7+ Kf6 57. Qa1+ Kg6 58. Qh8 Kf5 59. Qh7+ Ke5 60. Qh8+ Kd5 61. Qd8+ Ke5 62. Qc7+ Kd4 63. Qb6+ Kd3 64. Qb5+ Ke3 65. Qb3+ Ke2 66. Qb2+ Qd2 67. Qb5+ Kf2 68. Qc5+ Qe3 69. Qc2+ Kg3 70. Qd1 h3 71. Qd6+ e5 0-1

[Event "Prague op-A"]
[Site "Prague"]
[Date "2006.07.03"]
[Round "3"]
[White "Kaiser, Rudolf"]
[Black "Petrak, Robert"]
[Result "0-1"]
[WhiteElo "1960"]
[BlackElo "2095"]
[PlyCount "144"]
[EventDate "2006.07.01"]
[EventType "swiss"]
[EventRounds "9"]
[EventCountry "CZE"]
[SourceTitle "EXT 2007"]
[Source "ChessBase"]
[SourceDate "2006.11.23"]
[SourceVersion "1"]
[SourceVersionDate "2006.11.23"]
[SourceQuality "1"]

1. f4 d5 2. Nf3 Nf6 3. e3 g6 4. Be2 Bg7 5. d3 0-0 6. 0-0 c5 7. a4 Nc6 8. Qe1 Re8 9. Ne5 Nxe5 10. fxe5 Nd7 11. d4 Nf8 12. Qf2 Be6 13. Bb5 Nd7 14. c3 Rf8 15. Na3 c4 16. Bxd7 Qxd7 17. Nc2 Bf5 18. e4 Bxe4 19. Ne3 Rac8 20. Qh4 h5 21. g4 Rc6 22. Rf2 f6 23. gxh5 gxh5 24. e6 Qxe6 25. Qxh5 f5 26. Ng2 Qg6 27. Qxg6 Rxg6 28. Bf4 Rg4 29. h3 Rg6 30. Kh2 Bf6 31. Rg1 Kf7 32. Ne3 Rxg1 33. Kxg1 Bh4 34. Rd2 Rg8+ 35. Kh2 e6 36. Ng2 Bf6 37. Rf2 Ke7 38. Bg3 Kd7 39. Nf4 Bg5 40. Rf1 Bc2 41. a5 Bd8 42. Ra1 Be4 43. a6 b6 44. Rg1 Bf3 45. Rf1 Be4 46. Rg1 Rg5 47. Ne2 Bc2 48. Nf4 Ba4 49. Re1 Bc7 50. Ra1 Bb5 51. Rg1 Bb8 52. Rf1 Bxa6 53. Nh5 Bxg3+ 54. Nxg3 Bc8 55. Ne2 Kd6 56. Ng1 Bd7 57. Nf3 Rg7 58. Ne5 Be8 59. h4 Bh5 60. Ra1 a5 61. Ra3 f4 62. Ra1 f3 63. Rf1 Rg2+ 64. Kh3 Rxb2 65. Nxf3 Rb3 66. Ng5 Rxc3+ 67. Kg2 Rd3 68. Re1 Rxd4 69. Rxe6+ Kc5 70. Kg3 c3 71. Re1 Rg4+ 72. Kh3 b5 0-1

[Event "Prague-ch 3rd lag"]
[Site "Prague"]
[Date "2006.04.13"]
[Round "1"]
[White "Kaiser, Rudolf"]
[Black "Hase, Pavel"]
[Result "1/2-1/2"]
[WhiteElo "1960"]
[BlackElo "2115"]
[PlyCount "110"]
[EventDate "2006.04.13"]
[EventType "swiss"]
[EventRounds "7"]
[EventCountry "CZE"]
[SourceTitle "EXT 2008"]
[Source "ChessBase"]
[SourceDate "2007.11.25"]
[SourceVersion "1"]
[SourceVersionDate "2007.11.25"]
[SourceQuality "1"]

1. e4 c5 2. Nf3 d6 3. d4 cxd4 4. c3 Nf6 5. Qc2 dxc3 6. Nxc3 Nc6 7. Bc4 e6 8. 0-0 a6 9. Rd1 Qa5 10. a3 b5 11. Ba2 Bd7 12. b4 Qb6 13. Be3 Qb7 14. Bf4 e5 15. Bg5 Rc8 16. Qd3 Be6 17. Nd5 Bxd5 18. exd5 Ne7 19. Bxf6 gxf6 20. Rac1 Bh6 21. Rxc8+ Qxc8 22. h3 f5 23. Nxe5 dxe5 24. d6 Qd7 25. dxe7 Qxd3 26. Rxd3 Kxe7 27. Rc3 Rd8 28. Rc6 Rd6 29. Rc7+ Rd7 30. Rc6 Bf4 31. g3 Bxg3 32. fxg3 Rd1+ 33. Kf2 Rd2+ 34. Kf3 Rxa2 35. Rxa6 Rb2 36. Ra5 f6 37. Rxb5 Rb3+ 38. Kf2 Rxa3 39. Rb7+ Ke6 40. Rxh7 Ra2+ 41. Ke3 Ra3+ 42. Kf2 f4 43. gxf4 e4 44. b5 Kf5 45. b6 Kxf4 46. Rh4+ Ke5 47. b7 Rf3+ 48. Ke2 Rb3 49. Rh7 Kf4 50. Rh4+ Kf5 51. Rh7 Kg6 52. Rc7 Kg5 53. Rg7+ Kf4 54. Rg4+ Kf5 55. Rg7 Kf4 1/2-1/2

[Event "Prague Visus op"]
[Site "Prague"]
[Date "2005.07.05"]
[Round "4"]
[White "Kaiser, Rudolf"]
[Black "Rous, Frantisek"]
[Result "0-1"]
[WhiteElo "1960"]
[BlackElo "2106"]
[PlyCount "66"]
[EventDate "2005.07.02"]
[EventType "swiss"]
[EventRounds "9"]
[EventCountry "CZE"]
[SourceTitle "CBM 107 Extra"]
[Source "ChessBase"]
[SourceDate "2005.09.01"]
[SourceVersion "1"]
[SourceVersionDate "2005.09.01"]
[SourceQuality "1"]

1. f4 d5 2. Nf3 Nf6 3. e3 g6 4. Be2 Bg7 5. 0-0 0-0 6. d3 c5 7. a4 Nc6 8. Qe1 b6 9. Ne5 Bb7 10. Nxc6 Bxc6 11. Bf3 Re8 12. Qg3 Qd6 13. Rd1 e5 14. e4 Nh5 15. Bxh5 gxh5 16. f5 dxe4 17. Rf1 f6 18. dxe4 Qd4+ 19. Kh1 Qxe4 20. Qf2 Rad8 21. Nc3 Qg4 22. Kg1 Rd7 23. h3 Qc4 24. Qg3 Red8 25. Be3 Kh8 26. Kh2 Rg8 27. Qf2 Bf8 28. g3 Rdg7 29. Rg1 Bd6 30. Rad1 Bc7 31. Bh6 Re7 32. Bd2 h4 33. g4 e4+ 0-1

[Event "Prague Visus op"]
[Site "Prague"]
[Date "2005.07.04"]
[Round "3"]
[White "Korenek, Frantisek"]
[Black "Kaiser, Rudolf"]
[Result "1-0"]
[WhiteElo "2147"]
[BlackElo "1960"]
[PlyCount "97"]
[EventDate "2005.07.02"]
[EventType "swiss"]
[EventRounds "9"]
[EventCountry "CZE"]
[SourceTitle "CBM 107 Extra"]
[Source "ChessBase"]
[SourceDate "2005.09.01"]
[SourceVersion "1"]
[SourceVersionDate "2005.09.01"]
[SourceQuality "1"]

1. e4 e5 2. Nf3 Nc6 3. Bb5 f5 4. d3 fxe4 5. dxe4 Nf6 6. 0-0 Bc5 7. Nc3 d6 8. Bg5 0-0 9. Nd5 Kh8 10. c3 a6 11. Ba4 b5 12. Bc2 Bg4 13. Bxf6 gxf6 14. h3 Bh5 15. Qd3 Ne7 16. Nh4 Bg6 17. Qg3 c6 18. Nxe7 Qxe7 19. Qxg6 Rg8 20. Qh6 Rg5 21. Bb3 Rf8 22. Rad1 Qe8 23. Rd3 d5 24. Nf5 dxe4 25. Rg3 Rxg3 26. Nxg3 f5 27. Qe6 e3 28. fxe3 Bxe3+ 29. Kh1 Qxe6 30. Bxe6 f4 31. Ne4 Rd8 32. Bg4 b4 33. Rd1 Rd5 34. cxb4 Bd4 35. Nc3 Bxc3 36. bxc3 e4 37. Kg1 Re5 38. Kf1 c5 39. Rd6 cxb4 40. cxb4 a5 41. Rd4 axb4 42. Rxb4 Kg7 43. a4 Kg6 44. Rb5 Re7 45. a5 Rc7 46. Bf5+ Kg5 47. Bxe4+ Kh4 48. Kf2 Rc3 49. Bf3 1-0

[Event "Prague ProMoPro op"]
[Site "Prague"]
[Date "2002.09.15"]
[Round "9.20"]
[White "Trnka, Jaroslav"]
[Black "Kaiser, Rudolf"]
[Result "0-1"]
[WhiteElo "1784"]
[BlackElo "2054"]
[PlyCount "56"]
[EventDate "2002.09.07"]
[EventType "swiss"]
[EventRounds "9"]
[EventCountry "CZE"]
[SourceTitle "EXT 2003"]
[Source "ChessBase"]
[SourceDate "2002.11.25"]
[SourceVersion "1"]
[SourceVersionDate "2002.11.25"]
[SourceQuality "1"]

1. d4 Nf6 2. Nf3 c5 3. d5 e6 4. c4 exd5 5. cxd5 d6 6. Nc3 g6 7. e4 Bg7 8. Bd3 0-0 9. 0-0 a6 10. a4 Bg4 11. h3 Bxf3 12. Qxf3 Nbd7 13. Qe2 Qb6 14. Kh1 Ne5 15. f4 Nh5 16. Kh2 Nxd3 17. Qxd3 f5 18. exf5 gxf5 19. g4 fxg4 20. hxg4 Nxf4 21. Qc4 Be5 22. Bxf4 Bxf4+ 23. Kh3 Qxb2 24. Ne2 Be5 25. Qd3 c4 26. Qe4 Qd2 27. g5 Qd3+ 28. Qxd3 cxd3 0-1